| 000 | 00416nam a2200133 a 4500 | ||
|---|---|---|---|
| 008 | 120416s1950 xx |||||||||||||| || u | ||
| 050 | _aTH 145 Gee | ||
| 100 | _aGeeson, Alfred G | ||
| 245 | 1 | 0 | _aBuilding science |
| 250 | _a2nd ed. | ||
| 260 | _c1950 | ||
| 350 | _a0.00 | ||
| 995 |
_D0.00 _FCBU-MAIN LIBRARY (Kitwe) _H1 _I1.40 _UDAMAGED _ZMain Library Open Access Collection |
||
| 999 |
_c36302 _d36302 |
||